Szczegóły MARC21

O wolności i odpowiedzialności podmiotu gospodarującego /

003 -Nazwa inst., której nr kontr. jest w polu 001 [,]
    • @
    • Nazwa instytucji, której n kontrolny jest w polu 001
    • NUKAT
005 -DATA I CZAS OSTATNIEJ MODYFIKACJI [,]
    • @
    • pole kontrolne
    • 20241231085908.0
020 -Międzynarod. znormalizowany nr książki - ISBN [ , ]
    • a
    • Numer ISBN
    • 8372521174 Find
040 -Instytucja sporządzająca opis [ , ]
    • a
    • Instytucja, która sporządziła opis (NP)
    • TOR U/lf
    • c
    • Instytucja, która sporządziła rekord (NP)
    • TOR U/lf
    • d
    • Instytucja, która zmodyfikowała rekord (P)
    • TOR U/AP
    • d
    • Instytucja, która zmodyfikowała rekord (P)
    • KR U/Kaz
    • d
    • Instytucja, która zmodyfikowała rekord (P)
    • GD U/EPs
    • d
    • Instytucja, która zmodyfikowała rekord (P)
    • WA U/MW
942 -Rodzaj dokumentu [ , ]
    • c
    • Rodzaj dokumentu
    • Książka
100 -Hasło główne - nazwa osobowa [1, ]
    • a
    • Nazwa osobowa (NP)
    • Filek, Janina.
    • 9
    • KHW
    • 731483
245 -Strefa tytułu i oznaczenia odpowiedzialności [1,0]
    • a
    • Tytuł
    • O wolności i odpowiedzialności podmiotu gospodarującego / Find
    • c
    • Pozostałe elementy strefy tytułu i oznaczenia odpowiedzialności (NP)
    • Janina Filek.
260 -Strefa adresu wydawniczego [ , ]
    • a
    • Miejsce wydania (P)
    • Kraków :
    • b
    • Nazwa wydawcy (P)
    • Wydawnictwo Akademii Ekonomicznej,
    • c
    • Data wydania (P)
    • 2002.
300 -Strefa opisu fizycznego [ , ]
    • a
    • Określenie formy książki i/lub objętość (NP)
    • 229 s. ;
    • c
    • Format (NP)
    • 24 cm.
336 -Typ zawartości [ , ]
    • a
    • Termin opisujący typ zawartości
    • Tekst
    • b
    • Kod określający zawartość
    • txt
    • 2
    • Źródło (terminu i kodu)
    • rdacontent
337 -Typ mediów [ , ]
    • a
    • Tryb odtwarzania
    • Bez urządzenia pośredniczącego
    • b
    • Kod typu mediów
    • n
    • 2
    • Źródło (terminu i kodu)
    • rdamedia
338 -Typ/rodzaj nośnika [ , ]
    • a
    • Hasło opisujące typ nośnika
    • Wolumin
    • b
    • Kod typu nośnika
    • nc
    • 2
    • Źródło (terminu i kodu)
    • rdacarrier
380 -Deskryptor - Forma dzieła (P) [ , ]
    • a
    • forma dzieła (NP)
    • Książki
490 -Strefa serii i książki wielotomowej - forma nie do wyszukiwania [1, ]
    • a
    • Tytuł (P)
    • Zeszyty Naukowe / Akademia Ekonomiczna w Krakowie. Seria Specjalna: Monografie, Find
    • x
    • ISSN (NP)
    • 0209-1674 ;
    • v
    • Numeracja (P)
    • nr 150
830 -Hasło dodatkowe serii i opisu książki wielotomowej - tytuł ujednolicony/tytuł [ ,0]
    • a
    • Tytuł ujednolicony/tytuł (NP)
    • Zeszyty Naukowe - Akademia Ekonomiczna w Krakowie.
    • n
    • Oznaczenie części/podserii/sekcji (P)
    • Seria Specjalna,
    • p
    • Nazwa części/podserii/sekcji (P)
    • Monografie
    • x
    • ISSN
    • 0209-1674
    • v
    • Oznaczenie tomu (NP)
    • nr 150
    • 9
    • KHW
    • 20244
500 -Uwaga ogólna [ , ]
    • a
    • Uwaga ogólna (NP)
    • Wykaz rozpraw habilitacyjnych wydanych przez Akademię Ekonomiczną w Krakowie w serii specjalnej Zeszytów Naukowych: Monografie s. 223-229.
504 -Uwaga dot. bibliogr. załącznikowej [ , ]
    • a
    • Uwaga dot. bibliografii załącznikowej
    • Bibliogr. s. 215-220.
546 -Uwaga dot. języka [ , ]
    • a
    • Uwaga dot. języka
    • Streszcz. ang.
080 -Uniwersalna Klasyfikacja Dziesiętna [ , ]
    • a
    • Symbol klasyfikacji
    • 122/129
    • 9
    • UKD
    • 2374
    • 2
    • Identyfikator wydania tablic
    • UDC-P058
    • b
    • Dopowiedzenie
    • Metafizyka szczegółowa. Przyczynowość. Przyczyna sprawcza. Warunek. Skutek. Wolność i konieczność. Determinizm, indeterminizm. Ład, porządek. Teleologia. Celowość. Przyczyna celowa. Wartość. Norma. Przeznaczenie. Skończoność. Nieskończoność i nieograniczoność. Dusza. Istota życia i śmierci. Wędrówka dusz. Inkarnacja. Reinkarnacja. Nieśmiertelność.
080 -Uniwersalna Klasyfikacja Dziesiętna [ , ]
    • a
    • Symbol klasyfikacji
    • :174
080 -Uniwersalna Klasyfikacja Dziesiętna [ , ]
    • a
    • Symbol klasyfikacji
    • :330.1
080 -Uniwersalna Klasyfikacja Dziesiętna [ , ]
    • a
    • Symbol klasyfikacji
    • :65.01
650 -Hasło przedmiotowe [ ,7]
    • a
    • Hasło przedmiotowe
    • Etyka biznesu
    • 2
    • Źródło terminu
    • DBN
    • 9
    • KHW
    • 734068
650 -Hasło przedmiotowe [ ,7]
    • a
    • Hasło przedmiotowe
    • Wolność gospodarcza
    • 2
    • Źródło terminu
    • DBN
    • 9
    • KHW
    • 734105
650 -Hasło przedmiotowe [ ,7]
    • a
    • Hasło przedmiotowe
    • Etyka biznesu.
    • 2
    • Źródło terminu
    • kaba
    • 9
    • KHW
    • 108076
650 -Hasło przedmiotowe [ ,7]
    • a
    • Hasło przedmiotowe
    • Odpowiedzialność.
    • 2
    • Źródło terminu
    • kaba
    • 9
    • KHW
    • 122038
650 -Hasło przedmiotowe [ ,7]
    • a
    • Hasło przedmiotowe
    • Wolność
    • x
    • Określnik rzeczowy
    • aspekt ekonomiczny.
    • 2
    • Źródło terminu
    • kaba
    • 9
    • KHW
    • 372223
650 -Hasło przedmiotowe [ ,7]
    • a
    • Hasło przedmiotowe
    • Wolność
    • x
    • Określnik rzeczowy
    • filozofia.
    • 2
    • Źródło terminu
    • kaba
    • 9
    • KHW
    • 350703
980 -Symbol UKD [ , ]
    • a
    • UKD
    • 122/129:174:330.1:65.01
710 -Hasło dodatkowe - nazwa ciała zbiorowego [2, ]
    • a
    • Nazwa ciała zbiorowego lub nazwa geograficzna jako pierwszy element (NP)
    • Akademia Ekonomiczna (Kraków).
    • b
    • Nazwa jednostki podrzędnej (P)
    • Wydawnictwo.
    • 4
    • Kod relacji
    • pbl
    • 9
    • KHW
    • 76906
920 -ISBN [ , ]
    • a
    • ISBN
    • 83-7252-117-4 Find
Status udost. Numer inwentarzowy Data inwentaryzacji Lokalizacja
-2S.907662003-07-15BE